Quick Pick: Mulan Characters Quiz Stats

 Plays Quiz Updated Jun 7, 2018

Challenge
Share
Tweet
Embed
Score 0/13 Timer 01:30
3 Plays Today
% Correct
Fa Mulan
91.6%
Mushu
90.7%
Li Shang
87.2%
Shan-Yu
86.5%
Fa Zhou
81%
Chien-Po
78.9%
Ling
78.2%
Fa Li
76.8%
Yao
70.2%
Chi Fu
66.5%
Cri-Kee
60.1%
Little Brother
56.2%
Khan
41.8%

Today's Daily Dose

Word Ladder
Bruno Mars Song

Get the Picture
Japanese Cars

You're not logged in!

Compare scores with friends on all Sporcle quizzes.
OR
Log In

You Might Also Like...

Show Comments

Extras

Top Quizzes Today


Score Distribution

Your Account Isn't Verified!

In order to create a playlist on Sporcle, you need to verify the email address you used during registration. Go to your Sporcle Settings to finish the process.

Report this User

Report this user for behavior that violates our Community Guidelines.

Details: